000 nam a22 7a 4500
999 _c8464
_d8464
008 180116b ||||| |||| 00| 0 eng d
100 _94861
_aSOUZA.E.D ET AL
245 _aENGLISH WORK BOOK -4
260 _aMEERAT
_bARIHANT
_c2015